|
|
|
|
| LEADER |
00000nkm a2200000 a 4500 |
| 001 |
vtls001401570 |
| 003 |
SK-MaSNL |
| 005 |
20260302001202.0 |
| 008 |
231206s1982 xo 0k slo |
| 035 |
|
|
|a SNK000356078
|
| 040 |
|
|
|a SNK
|b slo
|c SNK
|e AACR2
|
| 044 |
|
|
|a xo
|c SK
|
| 080 |
|
|
|a 908.234.373.4(084.121)
|2 1981
|
| 245 |
1 |
|
|a Pozdrav z Vysokých Tatier
|h grafika
|b Observatórium na Skalnatom plese : Téryho chata (2015 m) : lanovka na Lomnický štít : hotel Bellevue v Hornom Smokovci : Detský liečebný ústav v Dolnom Smokovci
|
| 260 |
|
|
|a Bratislava
|b Šport
|c 1982
|
| 300 |
|
|
|a 1 pohľadnica (5 čiast. pohľadov)
|c 11x15 cm
|
| 651 |
|
7 |
|a Vysoké Tatry (Poľsko a Slovensko : pohorie)
|2 SNKPHgeo
|9 67729
|
| 655 |
|
7 |
|a geografické pohľadnice
|2 SNK
|9 70522
|
| 958 |
|
|
|a GC
|
| 958 |
|
|
|a GBN
|
| 958 |
|
|
|a TL
|
| 958 |
|
|
|a OND
|
| 999 |
|
|
|c 982849
|d 984779
|
| 952 |
|
|
|t P60, <03>, [BOOK], {603}
|a SNK
|b SNK
|y PREZ
|7 0
|o snkSP 150171
|i snkPV 1665/2000
|0 0
|1 0
|4 0
|d 2000-11-28
|l 0
|r 2005-01-02 00:00:00
|w 2026-02-24
|